| 000 | 00442nam a22001817a 4500 | ||
|---|---|---|---|
| 003 | MPLRDC | ||
| 005 | 20220104113548.0 | ||
| 008 | 210129b ||||| |||| 00| 0 eng d | ||
| 082 | _a857.62 SBQZ v.9 | ||
| 100 | _a松本清张 | ||
| 245 |
_a内海渡轮 _c林清文译 |
||
| 250 | _a初版 | ||
| 260 |
_a _b林白出版社 _c1981 |
||
| 300 | _b平 | ||
| 490 | _a松本清张选集. 9 | ||
| 650 | _a推理小说 | ||
| 942 |
_cBK _o857.62 SBQZ v.9 |
||
| 999 |
_c615 _d605 |
||